Handlexikon zur pädagogischen Psychologie
Literaturverzeichnis
| Contributors: | ; |
|---|---|
| Format: | Print Book |
| Language: | German |
| Published: |
München
Ehrenwirth
1981
|
| In: | Year: 1981 |
| Online Access: |
Table of Contents Table of Contents |
| Check availability: | HBZ Gateway |
| Subito Delivery Service: | Order now. |
| Keywords: |
MARC
| LEADER | 00000cam a2200000 c 4500 | ||
|---|---|---|---|
| 001 | 027272257 | ||
| 003 | DE-627 | ||
| 005 | 20260206194123.0 | ||
| 007 | tu | ||
| 008 | 710101s1981 gw ||||| 00| ||ger c | ||
| 015 | |a 81,N26,0026 |2 dnb | ||
| 015 | |a 81,A46,0102 |2 dnb | ||
| 016 | 7 | |a 810563681 |2 DE-101 | |
| 020 | |a 3431023606 |9 3-431-02360-6 | ||
| 035 | |a (DE-627)027272257 | ||
| 035 | |a (DE-603)022976981 | ||
| 035 | |a (DE-576)007959125 | ||
| 035 | |a (DE-599)GBV027272257 | ||
| 035 | |a (OCoLC)07998169 | ||
| 035 | |a (DE-604)8010173994 | ||
| 040 | |a DE-627 |b ger |c DE-627 |e rakwb | ||
| 041 | |a ger | ||
| 044 | |c XA-DE | ||
| 082 | 0 | |a 370.15 |q OCLC | |
| 084 | |a PÄ 295 |2 sfb | ||
| 084 | |a PÄ 6 |2 sfb | ||
| 084 | |a 03b |a 10a |2 sdnb | ||
| 084 | |a 1 |2 ssgn | ||
| 084 | |a CN 1500 |2 rvk |0 (DE-625)rvk/18964: | ||
| 084 | |a DB 2000 |2 rvk |0 (DE-625)rvk/19247:761 | ||
| 084 | |a CX 1000 |2 rvk |0 (DE-625)rvk/19213: | ||
| 084 | |a BU 1000 |2 rvk |0 (DE-625)rvk/16814: | ||
| 084 | |a DF 1000 |2 rvk |0 (DE-625)rvk/19536:761 | ||
| 084 | |a 81.50 |2 bkl | ||
| 245 | 0 | 0 | |a Handlexikon zur pädagogischen Psychologie |c hrsg. von Hans Schiefele ... |
| 264 | 1 | |a München |b Ehrenwirth |c 1981 | |
| 300 | |a XIV, 452 S. |b graph. Darst. |c 8° | ||
| 336 | |a Text |b txt |2 rdacontent | ||
| 337 | |a ohne Hilfsmittel zu benutzen |b n |2 rdamedia | ||
| 338 | |a Band |b nc |2 rdacarrier | ||
| 500 | |a Literaturangaben | ||
| 520 | |a Literaturverzeichnis | ||
| 583 | 1 | |a Archivierung/Langzeitarchivierung gewährleistet |f SSG |x XA-DE-BW |2 pdager |5 DE-21 | |
| 650 | 0 | 7 | |0 (DE-588)4044321-8 |0 (DE-627)106206036 |0 (DE-576)209060328 |a Pädagogische Psychologie |2 gnd |
| 650 | 4 | |a Pädagogische Psychologie | |
| 650 | 4 | |a Nachschlagewerk | |
| 650 | 4 | |a Erziehungsstil, Lernpsychologie, Persönlichkeitspsychologie, Gedächtnisentwicklung, Denkentwicklung, Didaktik, Sozialpädagogik, Krapp, Leistungsmotivation, Lernen, Bildungsforschung, Weiterbildung, Beobachtung, Ökologie, Diagnostik | |
| 655 | 7 | |a Enzyklopädie |0 (DE-588)4014986-9 |0 (DE-627)104675322 |0 (DE-576)208910085 |2 gnd-content | |
| 655 | 7 | |a Wörterbuch |0 (DE-588)4066724-8 |0 (DE-627)104682620 |0 (DE-576)209166061 |2 gnd-content | |
| 689 | 0 | 0 | |d s |0 (DE-588)4044321-8 |0 (DE-627)106206036 |0 (DE-576)209060328 |a Pädagogische Psychologie |2 gnd |
| 689 | 0 | |5 (DE-627) | |
| 700 | 1 | |a Schiefele, Hans |d 1924- |e Hrsg. |0 (DE-588)121822672 |0 (DE-627)081557485 |0 (DE-576)292903006 |4 edt | |
| 700 | 1 | |a Krapp, Andreas |e Hrsg. |4 edt | |
| 856 | 4 | 2 | |u http://www.gbv.de/dms/hebis-darmstadt/toc/22976981.pdf |m V:DE-603 |m B:DE-17 |q pdf/application |x Verlag |y Inhaltsverzeichnis |3 Inhaltsverzeichnis |7 1 |
| 856 | 4 | 2 | |u http://scans.hebis.de/HEBCGI/show.pl?02297698_toc.pdf |m V:DE-603;B:DE-17 |q application/pdf |3 Inhaltsverzeichnis |7 1 |
| 889 | |w (DE-627)437347184 | ||
| 935 | |a mteo | ||
| 935 | |i Blocktest | ||
| 936 | r | v | |a CN 1500 |b Sachwörterbücher |k Psychologie |k Nachschlagewerke |k Sachwörterbücher |0 (DE-627)127150118X |0 (DE-625)rvk/18964: |0 (DE-576)20150118X |
| 936 | r | v | |a DB 2000 |b Allgemeines und Deutschland |k Pädagogik |k Bibliografien, Nachschlagewerke, Sammelwerke, Sammlungen |k Handbücher, Lexika |k Allgemeines und Deutschland |0 (DE-627)1270706217 |0 (DE-625)rvk/19247:761 |0 (DE-576)200706217 |
| 936 | r | v | |a CX 1000 |b Allgemeines |k Psychologie |k Pädagogische Psychologie |k Allgemeines |0 (DE-627)127148417X |0 (DE-625)rvk/19213: |0 (DE-576)20148417X |
| 936 | r | v | |a BU 1000 |b Nachschlagewerke und Fachwörterbücher |k Theologie und Religionswissenschaften |k Religionspädagogik und Katechetik |k Allgemeines |k Nachschlagewerke und Fachwörterbücher |0 (DE-627)1270760351 |0 (DE-625)rvk/16814: |0 (DE-576)200760351 |
| 936 | r | v | |a DF 1000 |b Allgemeines und Deutschland |k Pädagogik |k Systematische Pädagogik |k Systematische Pädagogik, Disziplinen und Fachrichtungen |k Allgemeine und einführende Werke, Grundbegriffe |k Allgemeines und Deutschland |0 (DE-627)1270721909 |0 (DE-625)rvk/19536:761 |0 (DE-576)200721909 |
| 936 | b | k | |a 81.50 |j Pädagogische Psychologie |j Unterrichtspsychologie |j Schulpsychologie: Allgemeines |0 (DE-627)106405241 |
| 936 | s | n | |a b100 |2 mzub |
| 936 | s | n | |a c200 |2 mzub |
| 936 | s | n | |a d100 |2 mzub |
| 951 | |a BO | ||
| ELC | |b 1 | ||
| LOK | |0 000 xxxxxcx a22 zn 4500 | ||
| LOK | |0 001 3157855964 | ||
| LOK | |0 003 DE-627 | ||
| LOK | |0 004 027272257 | ||
| LOK | |0 005 20130606115331 | ||
| LOK | |0 008 130606||||||||||||||||ger||||||| | ||
| LOK | |0 040 |a DE-21-110 |c DE-627 |d DE-21-110 | ||
| LOK | |0 689 |a s |a Pädagogische Psychologie | ||
| LOK | |0 852 |z Kein Bestand am IfK; Nachweis für KrimDok | ||
| LOK | |0 852 |a DE-21-110 | ||
| LOK | |0 852 1 |9 00 | ||
| LOK | |0 935 |a k110 | ||
| LOK | |0 939 |a 06-06-13 |b l01 | ||
| ORI | |a SA-MARC-krimdoka001.raw | ||
